| 000 | 00978nam a2200325Ia 4500 | ||
|---|---|---|---|
| 008 | 160803s9999 xx 000 0 und d | ||
| 020 | _a978-0439841191 | ||
| 100 | _aStilton, Geronimo | ||
| 245 | _aWedding crasher / | ||
| 245 | _cGeronimo Stilton ; illustrations by Roberto Ronchi, Christian Aliprandi ; English translation by Edizioni Piemme S.p.A. | ||
| 260 | _aNew York : | ||
| 260 | _bScholastic Inc. | ||
| 260 | _c2007 | ||
| 300 | _a111 pages : | ||
| 300 | _bcolor illustration, maps ; | ||
| 300 | _c20 cm. | ||
| 440 | _aGeronimo Stilton ; | ||
| 440 | _vbk. 28 | ||
| 500 | _aTranslation of: Benvenuti a rocca taccagna. | ||
| 650 | _aHumorous stories. | ||
| 650 | _aJournalists -- | ||
| 650 | _aMice -- | ||
| 650 | _aNewspapers -- | ||
| 650 | _aStilton, Geronimo (Fictitious character) -- | ||
| 650 | _xJuvenile fiction. | ||
| 650 | _xJuvenile fiction. | ||
| 650 | _xJuvenile fiction. | ||
| 650 | _xJuvenile fiction. | ||
| 700 | _a580 | ||
| 999 |
_c299591 _d299591 |
||